Statistics for Countries that Competed in the Second Summer Olympics (1900)

Click here to take the quiz!

General Stats

  • This quiz has been taken 165 times
  • The average score is 23 of 31

Answer Stats

AthletesCountry% Correct
75United States
100%
2Canada
94%
689France
94%
5Russian Empire
94%
78Germany
93%
10Sweden
93%
13Austria
92%
8Spain
92%
24Italy
91%
7Norway
90%
3Greece
89%
2Australia
88%
78Belgium
88%
29Netherlands
87%
1Brazil
85%
18Switzerland
85%
13Denmark
83%
20Hungary
82%
4Mexico
81%
1Argentina
80%
102Great Britain
78%
1New Zealand
72%
1Romania
71%
1India
57%
1Luxembourg
56%
1Cuba
55%
1Colombia
53%
1 ?Peru
44%
1 ?Persia
35%
1 ?Haiti
31%
7Bohemia
11%

Score Distribution

Percentile by Number Answered

Percent of People with Each Score

Your Score History

You have not taken this quiz